| 000 | 00664nam a2200253Ia 4500 | ||
|---|---|---|---|
| 003 | OSt | ||
| 005 | 20220928131323.0 | ||
| 006 | a|||||r|||| 00| 0 | ||
| 007 | ta | ||
| 008 | 220927b |||||||| |||| 00| 0 eng d | ||
| 024 | _a80299 | ||
| 037 | _cTextual | ||
| 040 |
_aSDCL _cSDCL _beng |
||
| 041 |
_2eng _aeng |
||
| 082 | _aG9X:(J3), P3 | ||
| 100 |
_aChrispeels Maarten J _9477754 |
||
| 245 | 0 | _aPlants genes and crop biotechnology. | |
| 250 | _a2 | ||
| 260 | _c2003 | ||
| 300 |
_axxiv,562p. _ccm. |
||
| 700 |
_a Sadava David E _9477755 |
||
| 942 |
_hG9X:(J3), P3 _cTEXL _2CC |
||
| 999 |
_c790242 _d790242 |
||